000
00272nam a22001337a 4500
003
SGT
082
_a
712
_b
CRO
100
_a
CROWE SYVIA
245
_a
TOMORROW'S LANDSCAPE
260
_a
LONDAN
_b
TAP PUBLICATION
_c
1956
300
_a
207
650
_a
AG
942
_2
ddc
_c
RARE
999
_c
33692
_d
33692